00324nam a2200121Ia 4500008004900000041000800049082001300057100002000070245004500090260004500135300001400180440000800194240112s1971 JUL-DEC xx 000 0 und d aeng a618.9203 aA. ASHLEY WEECH aAMERICAN JOURNAL OF DISEASES OF CHILDREN bAMERICAN MEDICAL ASS. PUB.c1971 JUL-DEC a566,HBc1 v122